Myths about the St. Bartholomew's Day massacres, 1572-1576 /

Bibliographic Details
Main Author: Kingdon, Robert M. (Robert McCune), 1927-
Format: Book
Language:English
Published: Cambridge, Mass. : Harvard University Press, 1988.
Subjects:

MARC

Tag First Indicator Second Indicator Subfields
LEADER 00000cam a2200000 a 4500
001 in00000017867
005 20151007053101.0
008 870505s1988 maua b 00110 eng
010 |a  87013540  
020 |a 0674598318 (alk. paper) 
035 |a (OCoLC)15856117 
035 |9 AAB0345AM 
040 |a DLC  |c DLC  |d TXA  |d UtOrBLW 
043 |a e-fr--- 
049 |a TXAM  |c [A11465498] 
050 0 0 |a DC118  |b .K56 1988 
082 0 |a 944/.029  |2 19 
100 1 |a Kingdon, Robert M.  |q (Robert McCune),  |d 1927- 
245 1 0 |a Myths about the St. Bartholomew's Day massacres, 1572-1576 /  |c Robert M. Kingdon. 
264 1 |a Cambridge, Mass. :  |b Harvard University Press,  |c 1988. 
300 |a vi, 269 pages :  |b illustrations ;  |c 24 cm. 
336 |a text  |b txt  |2 rdacontent 
337 |a unmediated  |b n  |2 rdamedia 
338 |a volume  |b nc  |2 rdacarrier 
504 |a Bibliography: pages [253]-264. 
500 |a Includes index. 
650 0 |a Saint Bartholomew's Day, Massacre of, France, 1572. 
651 0 |a France  |x History  |x Errors, inventions, etc. 
650 0 |a Huguenots  |z France  |x History  |y 16th century. 
651 0 |a France  |x History  |y Wars of the Huguenots, 1562-1598. 
999 |a MARS 
999 f f |s 4b337327-dc76-3c35-8310-7be171ec2e9e  |i 72130517-e2b4-3da1-b36c-a7d06279f495  |t 0 
952 f f |p normal  |a Texas A&M University  |b College Station  |c Sterling C. Evans Library  |d Evans: Library Stacks  |t 0  |e DC118 .K56 1988  |h Library of Congress classification  |i unmediated -- volume  |m A14811465498 
998 f f |a DC118 .K56 1988  |t 0  |l Evans: Library Stacks